000 00451nam a2200193Ia 4500
008 170918s9999 xx 000 0 und d
020 _a9780545436434
050 _bA465 2011
100 _aAltbacker, EJ
245 4 _aThe battle of riptide /
245 _cEJ Altbacker.
260 _aNew York :
260 _bScholastic,
260 _c2011
300 _a242 pages :
300 _bcolored illustration ;
300 _c19cm.
500 _a770
999 _c342041
_d342041